Statistics for Hard Spanish

Click here to take the quiz!

General Stats

  • This quiz has been taken 34 times
  • The average score is 5 of 6

Answer Stats

HintAnswer% Correct
"Hi" in SpanishHola
100%
"Bye" in SpanishAdios
96%
"Buenas tardes" in SpanishGood afternoon/evening
82%
"Buenas noches" in SpanishGood night
82%
"Buenos dias" in SpanishGood morning
79%
"Hasta luego" in SpanishSee you later
75%

Score Distribution

Percentile by Number Answered

Percent of People with Each Score

Your Score History

You have not taken this quiz